Acoustical factors affecting hearing aid performance / (Record no. 183215)

000 -LEADER
fixed length control field 00981 a2200241 4500
003 - CONTROL NUMBER IDENTIFIER
control field Nust
005 - DATE AND TIME OF LATEST TRANSACTION
control field 20221017123133.0
010 ## - LIBRARY OF CONGRESS CONTROL NUMBER
LC control number 79025974
020 ## - INTERNATIONAL STANDARD BOOK NUMBER
International Standard Book Number 0839115539
040 ## - CATALOGING SOURCE
Transcribing agency Nust
082 00 - DEWEY DECIMAL CLASSIFICATION NUMBER
Classification number 617.89,ACO
245 10 - TITLE STATEMENT
Title Acoustical factors affecting hearing aid performance /
Statement of responsibility, etc. edited by Gerald A. Studebaker and Irving Hochberg.
260 ## - PUBLICATION, DISTRIBUTION, ETC.
Place of publication, distribution, etc. Baltimore :
Name of publisher, distributor, etc. University Park Press,
Date of publication, distribution, etc. c1980.
300 ## - PHYSICAL DESCRIPTION
Extent xiv, 450 p. :
Other physical details ill. ;
Dimensions 24 cm.
440 #0 - SERIES STATEMENT/ADDED ENTRY--TITLE
Title Perspectives in audiology series
9 (RLIN) 100441
505 ## - FORMATTED CONTENTS NOTE
Formatted contents note Acoustical Effects of the Environment (Page-1), The External Ear, The Earmold and The Earphone (Page-107), Modeling Techniques (Page-266), Frequency Response Selection Techniques (Page-322).
650 #0 - SUBJECT ADDED ENTRY--TOPICAL TERM
Topical term or geographic name entry element Acoustical engineering
General subdivision Congresses.
9 (RLIN) 100442
650 #0 - SUBJECT ADDED ENTRY--TOPICAL TERM
Topical term or geographic name entry element Hearing aids
General subdivision Congresses.
9 (RLIN) 100443
650 #0 - SUBJECT ADDED ENTRY--TOPICAL TERM
Topical term or geographic name entry element Hearing aids
General subdivision Fitting
-- Congresses.
9 (RLIN) 100444
700 1# - ADDED ENTRY--PERSONAL NAME
Personal name Hochberg, Irving.
9 (RLIN) 100445
700 1# - ADDED ENTRY--PERSONAL NAME
Personal name Studebaker, Gerald A.
9 (RLIN) 100446
942 ## - ADDED ENTRY ELEMENTS (KOHA)
Source of classification or shelving scheme
Koha item type Book
Holdings
Withdrawn status Lost status Source of classification or shelving scheme Damaged status Not for loan Permanent Location Current Location Shelving location Date acquired Full call number Barcode Date last seen Price effective from Koha item type Public note
          Military College of Signals (MCS) Military College of Signals (MCS) General Stacks 12/12/2016 617.89,ACO MCS20687 12/08/2016 12/12/2016 Book Almirah No.26, Shelf No.4
          Military College of Signals (MCS) Military College of Signals (MCS) General Stacks 12/12/2016 617.89,ACO MCS21151 12/08/2016 12/12/2016 Book Almirah No.26, Shelf No.4
© 2023 Central Library, National University of Sciences and Technology. All Rights Reserved.